| 000 | 00638nam a2200181Ia 4500 | ||
|---|---|---|---|
| 008 | 151202s9999||||xx |||||||||||||| ||und|| | ||
| 082 | _bPNVM-25487 | ||
| 100 | _aपारखे म.स/बाबूराव. | ||
| 245 | _aराजराजेश्वर परशुराम. | ||
| 260 | _b--- | ||
| 260 | _c1966 | ||
| 300 | _a123 | ||
| 600 | _aपारखे म.स/बाबूराव. | ||
| 630 | _aराजराजेश्वर परशुराम. | ||
| 700 | _aपारखे म.स/बाबूराव. | ||
| 730 | _aराजराजेश्वर परशुराम. | ||
| 942 | _cBOOK | ||
| 999 |
_c1291458 _d1291455 |
||